Computing for Engineers and Scientists with Fortran 77 /
Gespeichert in:
| Hauptverfasser: | , |
|---|---|
| Format: | Buch |
| Veröffentlicht: |
New York :
John Wiley & Sons,
1988
|
| Ausgabe: | 2.Edition |
| Tags: |
Keine Tags, Fügen Sie das erste Tag hinzu!
|
MARC
| LEADER | 00000nam a22000003a 4500 | ||
|---|---|---|---|
| 001 | stu14750 | ||
| 005 | 20190206124525.4 | ||
| 008 | ------s1988----xxu---------------------d | ||
| 040 | |a STU |b slo | ||
| 041 | 0 | ||
| 044 | |a xxu | ||
| 080 | |a 681.3.06 | ||
| 100 | 1 | |a McCracken, Daniel D |4 aut | |
| 245 | 1 | |a Computing for Engineers and Scientists with Fortran 77 / |c [aut.]McCracken,Daniel D., Salmon,William I | |
| 250 | |a 2.Edition | ||
| 260 | |a New York : |b John Wiley & Sons, |c 1988 | ||
| 300 | |a 730 s : |b Index | ||
| 700 | 1 | |a Salmon, William I |4 aut | |
| 996 | |b 284C016148 |c C*84177 |l CCI |s A |a 24 |w stu14750_0001 | ||